Central Library OPAC University of Rajshahi

Equilibrium and growth in the world economy : (Record no. 58142)

MARC details
000 -LEADER
fixed length control field 00879nam a2200241 a 4500
001 - CONTROL NUMBER
control field 58142
003 - CONTROL NUMBER IDENTIFIER
rucl marc code BD-RJUL
005 - DATE AND TIME OF LATEST TRANSACTION
control field 20211209080606.0
008 - FIXED-LENGTH DATA ELEMENTS--GENERAL INFORMATION
fixed length control field 161217s19611962mauac b 000 0 eng
035 ## - SYSTEM CONTROL NUMBER
System control number BD-RJUL 58266
040 ## - CATALOGING SOURCE
Original cataloging agency DLC
Transcribing agency WOO
Modifying agency SER
Language of cataloging eng
041 ## - LANGUAGE CODE
Language code of text/sound track or separate title eng
082 ## - DEWEY DECIMAL CLASSIFICATION NUMBER
Edition number 23
Classification number 330
Author mark and year RAE 1962
100 1# - MAIN ENTRY--PERSONAL NAME
Personal name Nurkse, Ragnar,
Dates associated with a name 1907-1959.
9 (RLIN) 172706
245 10 - TITLE STATEMENT
Title Equilibrium and growth in the world economy :
Remainder of title economic essays /
Statement of responsibility, etc. Edited by Gottfried Haberler and Robert M. Stern. With an introd. by Gottfried Haberler
260 ## - PUBLICATION, DISTRIBUTION, ETC. (IMPRINT)
Place of publication, distribution, etc. Cambridge, Mass :
Name of publisher, distributor, etc. Harvard University Press,
Date of publication, distribution, etc. 1961 [reprint 1962]
300 ## - PHYSICAL DESCRIPTION
Pagination xiii, 380 p. :
Illustrations ill. ;
Size 22 cm
490 1# - SERIES STATEMENT
Series statement Harvard economic studies ;
Volume/sequential designation v. 118
500 ## - GENERAL NOTE
General note "The writings of Ragnar Nurkse": p. [365]-369
650 #0 - SUBJECT ADDED ENTRY--TOPICAL TERM
Topical term or geographic name as entry element Economics
9 (RLIN) 170576
830 #0 - SERIES ADDED ENTRY--UNIFORM TITLE
Uniform title Harvard economic studies ;
Volume number/sequential designation v. 118.
942 ## - ADDED ENTRY ELEMENTS (KOHA)
Source of classification or shelving scheme Dewey Decimal Classification
Koha item type Books
Holdings
Lost status Source of classification or shelving scheme Damaged status Not for loan Collection code Permanent Location Current Location Shelving location Date acquired Source of acquisition Cost, normal purchase price Total Checkouts Full call number Date last seen Copy number Koha item type
  Dewey Decimal Classification   Not For Loan Non-fiction Central Library, University of Rajshahi Central Library, University of Rajshahi Reading Room 19/11/1965 Zeit 60.00   330 RAE 1962 17/12/2016 C-1 Books